000 00595nam a2200205Ia 4500
003 IIN
005 20250530122943.0
008 231217s2023 xx acd 000 0 eng d
020 _cRs.1195.00 (set price)
_a9788184483291
040 _aIIN
_bEnglish
082 _a616.890231
_bNEE
100 1 _aNeeraja, K. P.
245 1 _aEssentials of Mental Health & Psychiatric Nursing (Vol.-1) /
_cK. P. Neeraja
260 _aNew Delhi
_bJaypee
_c2008
300 _axviii, 362p.
_bill.
500 _aIncludes Index
650 1 _aMental Health
_vNursing
650 1 _aPsychiatric
_vNursing
942 _cBOOK
999 _c1341
_d1341